00330nam a2200121Ia 4500008004100000082001600041100001300057245007900070250000900149260003400158300000800192650000800200191201s2008 xx 000 0 und d a658.31bRAH aRAO, T V 0aHRD Audit: Evaluating the Human Resource Function for Business Improvement aRep. aN.DelhibResponse Booksc2008 a344 aMBA